000 00292nam a22001337a 4500
008 170821b xxu||||| |||| 00| 0 eng d
020 _a9780201812527
041 _aeng
080 _a51
100 _a37
101 _aMAT
245 _aALGEBRA AND TRIGONOMETRY
_cSMITH,S.A
942 _2udc
_cBK
999 _c24343
_d24343